Taylor Swift songs starting with S - Statistics

General Stats
  • This quiz has been taken 89 times
    75 since last reset
  • The average score is 17 of 26
Answer Stats
Answer % Correct
'Slut!'
76%
Stay, Stay, Stay
76%
So Long London
74%
Speak Now
74%
Sad, Beautiful Tragic
72%
Say Don't Go
70%
Seven
70%
Sparks Fly
68%
Superman
68%
Snow On The Beach
66%
So It Goes...
66%
Soon You'll Get Better
66%
Starlight
66%
Style
66%
Suburban Legends
64%
Should've Said No
62%
Shake It Off
60%
Stay Beautiful
60%
The Story Of Us
60%
State Of Grace
58%
So High School
56%
Superstar
56%
Sweet Nothing
56%
Safe & Sound
52%
Sweeter Than Fiction
48%
The Smallest Man Who Ever Lived
48%
No matching quizzes found
Score Distribution
Percent of People with Each Score
Percentile by Number Answered
Your Score History
You have not taken this quiz since the last reset